ARRUPE JESUIT UNIVERSITY

CORONAVIRUS -STOP THE SPREAD - CLEAN,DISINFECT,COVER

The voice from the whirlwind : (Record no. 125655)

MARC details
000 -LEADER
fixed length control field 00904nam a2200265 a 4500
001 - CONTROL NUMBER
control field 3401090
003 - CONTROL NUMBER IDENTIFIER
control field ARRUPE
005 - DATE AND TIME OF LATEST TRANSACTION
control field 20161103104631.0
008 - FIXED-LENGTH DATA ELEMENTS--GENERAL INFORMATION
fixed length control field 890418s1989 mdu b 001 0 eng
010 ## - LIBRARY OF CONGRESS CONTROL NUMBER
LC control number 89061356
020 ## - INTERNATIONAL STANDARD BOOK NUMBER
International Standard Book Number 0870611623 :
Terms of availability $19.95
040 ## - CATALOGING SOURCE
Original cataloging agency DLC
Transcribing agency DLC
Modifying agency DLC
050 00 - LIBRARY OF CONGRESS CALL NUMBER
Classification number BT160
Item number .V53 1989
082 00 - DEWEY DECIMAL CLASSIFICATION NUMBER
Classification number 231/.8
Edition number 20
300 ## - PHYSICAL DESCRIPTION
Dimensions 23 cm.
100 1# - MAIN ENTRY--PERSONAL NAME
Personal name Vicchio, Stephen.
9 (RLIN) 27236
245 14 - TITLE STATEMENT
Title The voice from the whirlwind :
Remainder of title the problem of evil and the modern world /
Statement of responsibility, etc Stephen J. Vicchio.
260 ## - PUBLICATION, DISTRIBUTION, ETC. (IMPRINT)
Place of publication, distribution, etc Westminister, MD :
Name of publisher, distributor, etc Christian Classics,
Date of publication, distribution, etc 1989.
300 ## - PHYSICAL DESCRIPTION
Extent vi, 326 p. ;
504 ## - BIBLIOGRAPHY, ETC. NOTE
Bibliography, etc Includes bibliographical references (p. [295]-319).
650 #0 - SUBJECT ADDED ENTRY--TOPICAL TERM
Topical term or geographic name as entry element Theodicy.
9 (RLIN) 15155
650 #0 - SUBJECT ADDED ENTRY--TOPICAL TERM
Topical term or geographic name as entry element Good and evil.
9 (RLIN) 27237
906 ## - LOCAL DATA ELEMENT F, LDF (RLIN)
a 7
b cbc
c orignew
d 2
e opcn
f 19
g y-gencatlg
942 ## - ADDED ENTRY ELEMENTS (KOHA)
Source of classification or shelving scheme Library of Congress Classification
Koha item type Monograph ( Printed materials)
Holdings
Withdrawn status Lost status Source of classification or shelving scheme Damaged status Not for loan Collection code Home library Current library Shelving location Date acquired Total Checkouts Full call number Barcode Date last seen Price effective from Koha item type
    Library of Congress Classification     Main Collection ARRUPE LIBRARY ARRUPE LIBRARY Main Collection 03/11/2016   BT160 .V53 1989 46500009993 03/11/2016 03/11/2016 Monograph ( Printed materials)

 

Arrupe Library. PO Box MP320 Mt Pleasant, Harare, Zimbabwe
263 242 745411|librarian@aju.ac.zw